Welcome to the Holygrace Academy Library

Please use search bar below to get started

JEE (MAIN) PREVIOUS 10 YEARS PAPERS (Record no. 682)

MARC details
000 -LEADER
fixed length control field 00326nam a22001217a 4500
082 ## - DEWEY DECIMAL CLASSIFICATION NUMBER
Classification number 001
Item number RES/J
100 ## - MAIN ENTRY--AUTHOR NAME
Personal name RESONANCE
245 ## - TITLE STATEMENT
Title JEE (MAIN) PREVIOUS 10 YEARS PAPERS
Remainder of title ANSWER KEYS AND TEXT SOLUTIONS BOOKLET
260 ## - PUBLICATION, DISTRIBUTION, ETC. (IMPRINT)
Place of publication KOTA
Name of publisher RESONANCE EDUVENTURES LTD
300 ## - PHYSICAL DESCRIPTION
Number of Pages 134
650 ## - SUBJECT ADDED ENTRY--TOPICAL TERM
Topical Term JEE MAINS ENTRANCE
Geographic subdivision INDIA
942 ## - ADDED ENTRY ELEMENTS (KOHA)
Koha item type Books
Holdings
Withdrawn status Lost status Collection code Home library Current library Shelving location Date acquired Source of acquisition Full call number Accession Number Koha item type
    Reference Main Library Main Library SHELF-9 B XII PHYSICS 19/06/2023 purchase 001 RES/J 12766 Books
    Reference Main Library Main Library SHELF-9 B XII PHYSICS 19/06/2023 purchase 001 RES/J 12767 Books